000 00721cam a22001815a 4500
001 L156284
008 120510s1871 xxk f 000 0 eng d
035 _a(Sirsi) u156284
041 0 _aeng
100 1 _aWaring, J. B.
_q(John Burley)
_d1823-1875
245 0 0 _aIllustrations of architecture and ornament
_bA series of seventy plates drawn and etched on copper, from his own sketches in France, Italy, Spain, Germany, Holland, and Belgium
_cBy J. B. Waring ... With descriptive notices by the artist
260 _aLondon
_bBlackie
_c1871
300 _aviii, 48 p.
_b70 plates
_c39 cm.
583 0 _aCondition reviewed
_c20120620
_lcondition level 1
651 4 _aEurope
690 _aDesign and specification
942 _n0
999 _c114154
_d114154